000 00229nam a2200109Ia 4500
008 190216s9999||||xx |||||||||||||| ||und||
100 _aGupta L N
245 0 _aCost Accounts
260 _bNull
_c1978
300 _a371p
942 _cBK
999 _c4114
_d4114